| 000 | 00521nam a2200169Ia 4500 | ||
|---|---|---|---|
| 999 |
_c549 _d549 |
||
| 020 | _a0-8039-9483-4 | ||
| 082 | _aRR 324.954 SIN-E | ||
| 100 | _aSingh, V.B. | ||
| 245 | 0 | _aElections in India: data handbook on Lok Sabha Elections 1952-80 | |
| 260 |
_aNew Delhi _bSage Publications _c1984 |
||
| 300 | _a642p. | ||
| 504 | _aref | ||
| 650 | _aIndia | ||
| 650 | _aElections - Statistics - India - 1952-80 - Lok Sabha - Elections - xStatistics - Elections - Handbooks, manuals, etc | ||
| 700 | _aBose, Shankar | ||
| 942 | _cBK | ||